Cese o suspensión de industrias (Record no. 44071)

MARC details
000 -LEADER
campo de control de longitud fija 00446nam a2200145 i 4500
001 - NÚMERO DE CONTROL
campo de control 44071
003 - IDENTIFICADOR DE NÚMERO DE CONTROL
campo de control ES-MaACL
005 - FECHA Y HORA DE LA ÚLTIMA TRANSACCIÓN
campo de control 20230906160940.0
007 - CAMPO FIJO DE DESCRIPCIÓN FÍSICA--INFORMACIÓN GENERAL
campo de control de longitud fija t|
008 - DATOS DE LONGITUD FIJA--INFORMACIÓN GENERAL
campo de control de longitud fija 030320s1950 sp ||||1| spa d
245 00 - MENCIÓN DEL TÍTULO
Título Cese o suspensión de industrias
Resto del título : crisis de ventas : idem. de trabajo en orden al personal... /
Mención de responsabilidad, etc. Cesc.
260 ## - PUBLICACIÓN, DISTRIBUCIÓN, ETC.
Lugar de publicación, distribución, etc. Madrid :
Nombre del editor, distribuidor, etc. Grámer,
Fecha de publicación, distribución, etc. 1950 (
Fabricante Ibarra)
300 ## - DESCRIPCIÓN FÍSICA
Extensión 34 p. ;
Dimensiones 21 cm.
852 ## - LOCALIZACIÓN
Ubicación ES-MaACL
Número de control de estantería 1920-F-8
Sublocalización o colección R.29958
Holdings
Estatus retirado Estado de pérdida Estado de daño No para préstamo Colección Biblioteca de origen Biblioteca actual Ubicación en estantería Fecha de adquisición Fuente de adquisición Total de préstamos Signatura topográfica completa Código de barras Visto por última vez Precio de reemplazo Tipo de ítem Koha
        Colección de folletos Biblioteca del Ateneo de Madrid Biblioteca del Ateneo de Madrid Depósito folletos 17/01/2008     1920-F-8 1046384 23/02/2023 23/02/2023 Folleto